Principios de derecho procesal civil (Registro nro. 166653)

Detalles MARC
000 -ENCABEZADO
Número de control [NR] 01790nam a22002177a 4500
008 - DE LONGITUD FIJA DE DATOS DE ELEMENTOS - INFORMACIÓN GENERAL
Elementos de longitud fija [NR] 130509s1922 sp ||||f |||| 00| 0 spa d
040 ## - FUENTE DE CATALOGACION [NR]
Quien Cataloga Sandra Yazo (modificó)
Quien Clasifica Sandra Yazo (modificó)
082 ## - NUMERO DE CLASIFICACION DECIMAL DEWEY [R]
Número de la edición [NR] 20
Número de clasificación [R] 347.05
092 ## - SIGNATURA TOPOGRAFICA LOCAL
Número de clasificación local E26N024
100 1# - ASIENTO PRINCIPAL--NOMBRE PERSONAL [NR]
Nombre personal [NR] Chiovenda, Giuseppe,
Fechas asociadas con el nombre [NR] 1872-1937
ID Autoridad 37108
245 1# - MENCION DE TITULO [NR]
Título [NR] Principios de derecho procesal civil
Parte restante del título [NR] Tomo I
Mención de responsabilidad, etc. [NR] por José Chiovenda ; traducción española de la tercera edición italiana prólogo y notas del profesor José Casais y Santaló
260 ## - PUBLICACION, DISTRIBUCION, ETC. (PIE DE IMPRENTA) [R]
Lugar de publicación, distribución, etc. [R] Madrid
Nombre del editor, distribuidor, etc. [R] Editorial Reus
Fecha de publicación, distribución, etc. [R] 1922
300 ## - DESCRIPCION FISICA [R]
Extensión [R] iii, 731 p.
Dimensiones [R] 23 x 16 cm.
500 ## - NOTA GENERAL [R]
Nota general [NR] Detalles físicos: Encuadernación rígida en cartón forrada en tela, lomo en cuero con nervaduras sobre costuras, letras y adornos en dorado Guardas. Portada impresa en una sola tinta. Texto impreso sobre papel de regular calidad, notas al pie de página. Papel con algunas manchas.
505 ## - NOTA DE CONTENIDO CON FORMATO PREESTABLECIDO [R]
Nota de contenido con formato preestablecido [NR] V.1: Introducción. ; Generalidades acerca de la historia, la legislación y la literatura procesales. ; Plan para el estudio del derecho procesal – Conceptos fundamentales. ; La actuación de la ley en el proceso civil. Sus formas y condiciones (Condiciones de la acción). ; Los presupuestos procesales: Órganos del Estado en el proceso. ; La jurisdicción. ; Capacidad general de los órganos jurisdiccionales (Organismos judicial). ; Formación de los funcionarios judiciales y su condición jurídica. ; Apéndice al capítulo II. ; Capacidad especial objetiva de los órganos jurisdiccionales (la competencia). ; Capacidad especial subjetiva de los órganos jurisdiccionales.
506 ## - NOTA DE RESTRICCIONES DE ACCESO [R]
Condiciones de acceso [NR] Consulta en sala
650 #7 - ASIENTO SECUNDARIO DE MATERIA - TERMINO TEMATICO [R]
Fuente del encabezamiento o término [NR] Derecho civil
Subdivisión geográfica [R] España
9 (RLIN) 37109
650 #7 - ASIENTO SECUNDARIO DE MATERIA - TERMINO TEMATICO [R]
9 (RLIN) 12765
Término temático o nombre geográfico como elemento de entrada [NR] Derecho español
Subdivisión general [R] Procedimiento civil
690 ## - ASUNTO AGREGADO LOCAL DE ENTRADA - TÉRMINO TEMÁTICO (OCLC, RLIN)
Acceso temático local Derecho
942 ## - ELEMENTOS DE ENTRADA AGREGADOS (KOHA)
Tipo de ítem principal el descrito en 300a Libro
Edición 1
Sistema de clasificación DEWEY
Clasificación 347.05
Existencias
Suprimido Perdido Sistema de clasificación Dañado No prestable Tipo de ítem específico Ubicación habitual Ubicación actual Localización Fecha de creación Forma de adquisición Costo Volúmen / Fascículo Total préstamos Signatura topográfica Código de barras Última vez visto Ejemplar Price effective from Tipo de ítem
    LOCAL     Libro archivo Archivo Histórico Archivo Histórico Archivo histórico 09/05/2013 Donación 0.00 V.1   E26N024 L003788 09/05/2013 Ej.1 09/05/2013 Libro